000 00817nam a2200277 i 4500
003 EG-GICUC
005 20260225112408.0
008 260225s1971 us ||||fr|||| 00| 0 eng d
040 _aEG-GiCUC
_beng
_cEG-GiCUC
_dEG-GiCUC
_erda
082 0 4 _221
_a341
_bWO
092 0 4 _221
099 _aLaw1 11 341 WO 1971
245 0 4 _aThe Work of the International Law Commission /
_b
_c
264 1 _aNew York :
_bUnited Nations,
_c1971.
300 _a243pages :
_billustrations,
_c24 cm
336 _2rda content
_atext
337 _2rda media
_aComputer
338 _2rda carrier
_aOnline Resource
504 _a
546 _aText in English
650 1 4 _aPublic international law
_2
651 1 _2
856 4 0 _uhttps://fll.law.cu.edu.eg/fulltext/bks/B11-08000.pdf
905 _a50
942 _2ddc
_cBK
_e21
_n0
999 _c64190
_d64190